| 000 | 03025cam a22003615a 4500 | ||
|---|---|---|---|
| 999 |
_c27282 _d27253 |
||
| 001 | 18497952 | ||
| 005 | 20190324103724.0 | ||
| 008 | 150219s2016 nyua frb 001 0 eng d | ||
| 010 | _a 2015004457 | ||
| 020 | _a9780415738156 (hardcover) | ||
| 040 |
_aDLC _beng _cDLC _dDLC _dEG-ScBUE |
||
| 082 | 0 | 4 |
_a070.4 _bHER _222 |
| 100 | 1 | _aHernandez, Richard Koci. | |
| 245 | 1 | 4 |
_aThe principles of multimedia journalism : _bpackaging digital news / _cRichard Koci Hernandez and Jeremy Rue. |
| 246 | 3 | 0 | _aMultimedia journalism |
| 250 | _a1st. ed. | ||
| 260 |
_aNew York ; _aOxon : _bRoutledge / Taylor & Francis group, _c2016. |
||
| 300 |
_axiv, 217 p. : _bill. ; _c24 cm. |
||
| 504 | _aIncludes bibliographical references and index. | ||
| 505 | 0 | _aIntroduction to digital news packages -- The evolution of the digital news package -- Classification of digital news packages -- Continuous packages (case study: The verge) -- Comprehensive (case study: Planet money, NPR) -- Immersive (case study: National Film Board of Canada Digital Studio) -- Intersections (case study: The New York times, The guardian, National geographic) -- Lean back, lean forward, stand up -- A major shift in approach -- Stepping back, moving forward. | |
| 520 | _a"In this much-needed examination of the principles of multimedia journalism, experienced journalists Richard Koci Hernandez and Jeremy Rue systemize and categorize the characteristics of the new, often experimental story forms that appear on today's digital news platforms. By identifying a classification of digital news packages, and introducing a new vocabulary for how content is packaged and presented, the authors give students and professionals alike a way to talk about and understand the importance of story design in an era of convergence storytelling. Online, all forms of media are on the table: audio, video, images, graphics, and text are available to journalists at any type of media company as components with which to tell a story. This book provides insider instruction on how to package and interweave the different media forms together into an effective narrative structure. Featuring interviews with some of the most exceptional storytellers and innovators of our time, including web and interactive producers at the New York Times, NPR, The Marshall Project, The Guardian, National Film Board of Canada, and the Verge, this exciting and timely new book analyzes examples of innovative stories that leverage technology in unexpected ways to create entirely new experiences online that both engage and inform."-- Publisher information | ||
| 650 | 7 |
_aJournalism. _2BUEsh _937800 |
|
| 650 | 7 |
_aOnline journalism. _2BUEsh _937766 |
|
| 650 | 7 |
_aInteractive multimedia. _2BUEsh |
|
| 650 | 7 |
_aJournalism _vCase studies. _2BUEsh |
|
| 650 | 7 |
_aOnline journalism _vCase studies. _2BUEsh |
|
| 650 | 7 |
_aInteractive multimedia _vCase Studies. _2BUEsh |
|
| 651 | _2BUEsh | ||
| 653 |
_bCOMAME _cMarch2019 |
||
| 655 | _vReading book | ||
| 700 | 1 | _aRue, Jeremy. | |
| 942 | _2ddc | ||